Name The Singer - Statistics

General Stats
  • This quiz has been taken 24 times
  • The average score is 9 of 15
Answer Stats
Hint Answer % Correct
True Colours, I Drove All Night, Time After Time Cyndi Lauper
90%
Glory Days, Streets of Philadelphia, Cover Me Bruce Springsteen
85%
On The Radio, Hot Stuff, I Don't Wanna Get Hurt Donna Summer
85%
Lucky, Toxic, You Drive Me Crazy Britney Spears
75%
Addicted To Love, Johnny And Mary, I Didn't Mean To Turn You On Robert Palmer
70%
Desperate But Not Serious, Friend or Foe, Goody Two Shoes Adam Ant
65%
It's Too Late, I Feel The Earth Move, It Might As Well Rain Until September Carole King
65%
Help Yourself, The Boy From Nowhere, Delilah Tom Jones
65%
The Best, When The Heartache Is Over, Typical Male Tina Turner
60%
Upside Down, Work That Body, Remember Me Diana Ross
55%
My Boy, Waydown, Burnin' Love Elvis Presley
45%
Bad Guy, Bury A Friend, Therefore I Am Billie Eilish
40%
The A Team, Shivers, Celestial Ed Sheeran
40%
Outside, A Different Corner, Shoot The Dog George Michael
35%
Open Road, Forever Love, Stronger Gary Barlow
25%
No matching quizzes found
Score Distribution
Percent of People with Each Score
Percentile by Number Answered
Your Score History
You have not taken this quiz